Statistics for Think Fast! #2

Click here to take the quiz!

General Stats

  • This quiz has been taken 27 times
  • The average score is 4 of 10

Answer Stats

QuestionAnswer% Correct
What is the smallest prime number?2
95%
What color do you get when mixing red and blue?Purple
68%
How many countries are there?196
55%
In which city would you find the Eiffel Tower?Paris
55%
Who is the richest person?Elon Musk
41%
In what month would you celebrate Christmas?December
23%
What is the scientific name for our species?Homo Sapiens
18%
Who is the current U.S. president?Joe Biden
18%
How many U.S. states are there?50
14%
How many carats is pure gold?24-carat
9%

Score Distribution

Percentile by Number Answered

Percent of People with Each Score

Your Score History

You have not taken this quiz